Keralithile krushikkaark oru krushideepika. (Record no. 21118)

MARC details
000 -LEADER
fixed length control field 00328nam a2200121Ia 4500
082 ## - DEWEY DECIMAL CLASSIFICATION NUMBER
Classification number 631
Item number KER
245 #0 - TITLE STATEMENT
Title Keralithile krushikkaark oru krushideepika.
260 ## - PUBLICATION, DISTRIBUTION, ETC. (IMPRINT)
Place of publication Trivandrum
Name of publisher Agricultural Information Service
Year of publication 1961
650 ## - SUBJECT ADDED ENTRY--TOPICAL TERM
Topical Term Agriculture
650 ## - SUBJECT ADDED ENTRY--TOPICAL TERM
Topical Term Soil
942 ## - ADDED ENTRY ELEMENTS (KOHA)
Koha item type Books
Holdings
Withdrawn status Lost status Damaged status Not for loan Home library Current library Date acquired Full call number Accession Number Koha item type
        RRII Library RRII Library 16/12/2021 631 KER 01840 Books